| 000 | 00430nam a2200169Ia 4500 | ||
|---|---|---|---|
| 005 | 20240924073937.0 | ||
| 008 | 240331s9999 xx 000 0 und d | ||
| 082 |
_bPAC _a641.4 |
||
| 100 | _aUNIFEM | ||
| 245 | 0 |
_aPackaging : _bfood cycle technology source book No.7 |
|
| 260 |
_aNew York _bUNIFEM _c1993 |
||
| 300 | _a48 p ., | ||
| 650 | _aWomen | ||
| 650 | _aFood Cycle Technology | ||
| 650 | _aFood Packing System | ||
| 942 | _cL | ||
| 999 |
_c3058 _d3058 |
||